| 000 | 00670pam a2200253 a 4500 | ||
|---|---|---|---|
| 999 |
_c8431 _d8431 |
||
| 001 | 8431 | ||
| 003 | BD-JhCC | ||
| 005 | 20200219134008.0 | ||
| 008 | 820426s1983 maua 001 0 eng | ||
| 020 | _a0534012434 | ||
| 035 | _a(BD-JhCC)8431 | ||
| 040 |
_aDLC _cDLC _dDLC |
||
| 041 | _aeng | ||
| 050 | 0 | 0 |
_aTK7816 _b.C74 1983 |
| 082 | 0 | 0 |
_a621.381 _219 _bCRO 1983 |
| 100 | 1 |
_aCrozier, Patrick, _d1934- |
|
| 245 | 1 | 0 |
_aIntroduction to electronics / _cPatrick Crozier. |
| 260 |
_aNorth Scituate, Mass. : _bBreton, _cc1983. |
||
| 300 |
_axii, 484 p. ; _bill. ; _c25 cm. |
||
| 500 | _aIncludes index. | ||
| 650 | 0 | _aElectronics. | |
| 942 |
_2ddc _cBK _02 |
||